Les fast-foods les plus importants au monde - Statistiques

Statistiques générales
  • Ce quiz a été pris 1 552 fois
    1 369 depuis la dernière actualisation
  • Le résultat moyen est 5 sur 10
Statistiques - réponses
Hint Réponse % Correct
1 Mc Donald's
99%
8 Burger King
96%
2 KFC
89%
4 Subway
49%
3 Dominos
40%
9 Pizza Hut
38%
7 Wendy’s
26%
5 Taco Bell
25%
10 Chipotle
7%
6 Tim Hortons
3%
Aucun quiz correspondant
Distribution des résultats
% des personnes avec chaque résultat
Percentile par nombre de réponses
Votre historique - résultats
Vous n’avez pas pris ce quiz depuis la dernière actualisation